000
00234 a2200097 4500
001
58281
100
_a
245
_a
Meaning and message of the traditions ( 2 vol.s set)
260
_a
Karachi
_b
Darus Pub
_c
1983
090
_c
35778
_d
35778
942
_a
NUST-CAE
_c
_c
28644
999
_c
293354
_d
293354